| 000 | 00584nam a2200217Ia 4500 | ||
|---|---|---|---|
| 003 | OSt | ||
| 005 | 20230504175414.0 | ||
| 008 | 210423s2005 xx 000 0 und d | ||
| 020 | _a0-7619-6636-6 | ||
| 040 | _cAL | ||
| 041 | _aeng | ||
| 082 |
_a302 _223 _bHOGS |
||
| 100 |
_aHOGG (Michael A);COOPER (Joel) _998047 |
||
| 245 | _aSage handbook of social psychology | ||
| 260 |
_aLondon _bSage Publications _c2005 |
||
| 300 |
_axxi,525 _bHB |
||
| 365 |
_b14976 _cUSD |
||
| 650 |
_aSocial Interaction _998048 |
||
| 906 | _ahandbook ; psychology ; Sage ; social | ||
| 942 |
_2ddc _cBK |
||
| 999 |
_c170938 _d170938 |
||